000 00848naa a22002417a 4500
001 vtls000017208
003 ES-BaIT
005 20260416105609.0
007 t|
008 111114s1948 spc|||||| |00| |spa|d
010 _a17208
035 _a0017-20860
_9ES-BaIT035
039 9 _a201403072222
_bVLOAD
_c201303091918
_dVLOAD
_c201111141502
_dVLOAD
_y201110052249
_zVLOAD
100 1 _aOller, Narcís,
_d1846-1930
_936839
245 1 3 _aUn Somiatruites /
_cNarcís Oller
500 _aMonòleg
500 _aP1: H1
773 0 _aObres completes / Narcís Oller ; [precedides de L'Obra de Narcís Oller, per Manuel de Montoliu i seguides de El Món de Narcís Oller, per Maurici Serrahima]
_dBarcelona : Selecta, 1948
_gp.[1405]-1409
_wvtls000004012
_03302
790 _w0004-01260
790 _a000401260
917 _aFALTA MATÈRIA
999 _c14529
_d14529
942 _cART